000 00881nam a2200277 i 4500
001 bg
100 1 _aSEDGEWICK, Robert
_d(1946- )
245 1 0 _aAlgorytmy w C++ /
_cRobert Sedgewick ; [oprac. wersji pol. Piotr Kresak, Bogdan Kamiński].
246 _iTyt. oryg.:
_aAlgorithms in C++
260 _aWarszawa :
_b"RM",
_c1999.
300 _aXXI, 663 s. ;
_c24 cm.
500 _aTyt. oryg.: "Algorithms in C++" 1998. - Na okł. podtyt.: podstawy, dane strukturalne, sortowanie, wyszukiwanie.
504 _aIndeks.
650 9 _aC (język programowania)
655 _aPodręczniki
700 1 _aKRESAK, Piotr.
_eTł.
700 1 _aKAMIŃSKI, Bogdan.
_eTł.
015 _aPB 442/2000
020 _a8372430152
040 _cBPK
041 1 _apol
_heng
080 _a004.438(07)A/Z
920 _a83-7243-015-2
942 _cKS
008 s pl f |000 0 pol
999 _c46457
_d46457
856 _uhttp://koha.tu.koszalin.pl/cgi-bin/koha/opac-detail.pl?biblionumber=46457
_yKatalog online BPK